| 000 -CABECERA |
| Campo de control de longitud fija |
00477nam a22001577a 4500 |
| 008 - CAMPO FIJO DE DESCRIPCIÓN FIJA--INFORMACIÓN GENERAL |
| Campo de control de longitud fija |
230712b ||||| |||| 00| 0 eng d |
| 020 ## - ISBN (INTERNATIONAL STANDARD BOOK NUMBER) |
| ISBN |
9788411597548 |
| 040 ## - FUENTE DE CATALOGACIÓN |
| Agencia de catalogación original |
CDMR |
| 100 ## - ENCABEZAMIENTO PRINCIPAL--NOMBRE PERSONAL |
| 9 (RLIN) |
4859 |
| Nombre de persona |
Rodríguez Mas, Agustín |
| 245 ## - MENCIÓN DE TÍTULO |
| Título |
Radio Minuto |
| Parte restante del título |
: la historia |
| Mención de responsabilidad, etc. |
/ Agustín Rodríguez Mas |
| 260 ## - PUBLICACIÓN, DISTRIBUCIÓN, ETC (PIE DE IMPRENTA) |
| Lugar de publicación, distribución, etc. |
[Almería] |
| Nombre del editor, distribuidor, etc. |
: Círculo Rojo, |
| Fecha de publicación, distribución, etc. |
2023 |
| 300 ## - DESCRIPCIÓN FÍSICA |
| Extensión |
118 pàgines |
| 610 #0 - ASIENTO SECUNDARIO DE MATERIA--NOMBRE CORPORATIVO |
| 9 (RLIN) |
4860 |
| Nombre corporativo o nombre de la jurisdicción como elemento de entrada |
Radio Minuto |
| 650 #0 - ASIENTO SECUNDARIO DE MATERIA--TÉRMINO DE MATERIA |
| 9 (RLIN) |
3105 |
| Nombre de materia o nombre geográfico como elemento de entrada |
Radiodifusió |
| Subdivisión geográfica |
Catalunya |
| Subdivisión general |
Història |
| 942 ## - ELEMENTOS KOHA |
| Fuente de clasificación o esquema de ordenación en estanterías |
|
| Koha tipo de item |
Monografies |